| 000 | 00556nam a2200193Ia 4500 | ||
|---|---|---|---|
| 005 | 20250508164805.0 | ||
| 008 | 008 250505s9999 xx 000 0 eng d | ||
| 037 | _aTheses | ||
| 040 |
_aFEDL _beng _cFEDL |
||
| 041 |
_aeng _2eng |
||
| 084 |
_a372.7, SOL/TH _qFEDL |
||
| 100 |
_aSoltan Ali Kazemi _9779176 |
||
| 245 | 0 | _aStudy of problem solving processes in mathematics at elementary level | |
| 260 | _c1996 | ||
| 300 | _a211p. | ||
| 546 | _aPH.D Thesis (Delhi University) | ||
| 942 |
_cTH _h372.7, SOL/TH |
||
| 999 |
_c1391194 _d1391194 |
||